| 000 | 00421nam a2200157Ia 4500 | ||
|---|---|---|---|
| 005 | 20250701164809.0 | ||
| 008 | 240331s9999 xx 000 0 und d | ||
| 020 | _a9559318047 | ||
| 082 |
_bSAD _a800 |
||
| 100 | _aSadavi,N.L | ||
| 245 | 0 | _aNayil nadee thera deviyan miyadeyi | |
| 260 |
_aColombo _bA woman's Voice _c1995 |
||
| 300 | _a160 p ., | ||
| 500 | _aSinhala Version of the book god dies by the Nile | ||
| 942 | _cL | ||
| 999 |
_c5174 _d5174 |
||